000 00387nam a2200121Ia 4500
008 241028s9999 xx 000 0 und d
041 _aeng
082 _a005.54 RAG
100 _aRagsdale
245 _aSpreadsheet Modeling and Decision Analysis: A Practical Introduction To Business Analytics With Mindtap
260 _bCengage Learning India
_aAustralia
_c2018
300 _a845;. P. 25 cm
999 _c42971
_d42971